000 00303nam a2200121Ia 4500
008 240624s9999 xx 000 0 und d
041 _aeng
082 _a060 JEN
100 _aJENA R K
245 _aIT AND BUSINESS INTELLIGENCE
260 _c2009
_aNew Delhi
_bExcel Books
300 _a293 : p. : cm. ; 24
999 _c13314
_d13314